Terraria Bosses - Statistics

General Stats
  • This quiz has been taken 63 times
  • The average score is 24 of 32
Answer Stats
Boss % Correct
Hardmode Moon Lord
98%
Pre-Hardmode Skeletron
98%
Pre-Hardmode Wall of Flesh
98%
Pre-Hardmode Eye Of Cthulhu
96%
Hardmode The Twins
96%
Pre-Hardmode King Slime
94%
Hardmode Skeletron Prime
92%
Hardmode Golem
90%
Hardmode Plantera
90%
Pre-Hardmode Brain of Cthulhu
88%
Hardmode Duke Fishron
88%
Pre-Hardmode Eater of Worlds
88%
Pre-Hardmode Queen Bee
88%
Hardmode Destroyer
86%
Hardmode Lunatic Cultist
86%
Hardmode Queen Slime
86%
Hardmode Empress of Light
82%
Pre-Hardmode Deerclops
73%
Frost Moon Ice Queen
71%
Pirate Invasion Flying Dutchman
65%
Pumpkin Moon Pumpking
65%
Celestial Pillars Solar Pillar
65%
Old One's Army Betsy
61%
Celestial Pillars Nebula Pillar
61%
Celestial Pillars Vortex Pillar
59%
Old One's Army Ogre
57%
Celestial Pillars Stardust Pillar
57%
Pumpkin Moon Mourning Wood
53%
Old One's Army Dark Mage
49%
Martian Madness Martian Saucer
49%
Frost Moon Santa-NK1
47%
Frost Moon Everscream
45%
No matching quizzes found
Score Distribution
Percent of People with Each Score
Percentile by Number Answered
Your Score History
You have not taken this quiz